SAP Planning (Record no. 11134)

000 -LEADER
fixed length control field 00459 a2200157 4500
020 ## - INTERNATIONAL STANDARD BOOK NUMBER
International Standard Book Number 8176357049
082 ## - DEWEY DECIMAL CLASSIFICATION NUMBER
Classification number 650.02855
090 ## - LOCALLY ASSIGNED LC-TYPE CALL NUMBER (OCLC); LOCAL CALL NUMBER (RLIN)
-- 7331
-- 7331
100 ## - MAIN ENTRY--PERSONAL NAME
Personal name Anderson, George W.
245 ## - TITLE STATEMENT
Title SAP Planning
Remainder of title Best practices in implementation
Statement of responsibility, etc. Anderson, George W.
260 ## - PUBLICATION, DISTRIBUTION, ETC.
Place of publication, distribution, etc. New Delhi (India)
Name of publisher, distributor, etc. Techmedia
Date of publication, distribution, etc. 2003
300 ## - PHYSICAL DESCRIPTION
Extent xvii, 695 p. ;
Other physical details ill. ;
Dimensions 25 cm.
500 ## - GENERAL NOTE
General note Includes index
650 ## - SUBJECT ADDED ENTRY--TOPICAL TERM
Topical term or geographic name entry element 1. Client/server computing
942 ## - ADDED ENTRY ELEMENTS (KOHA)
Koha item type Book
Call number prefix 650.02855 AND
Holdings
Withdrawn status Lost status Damaged status Not for loan Permanent Location Current Location Total Checkouts Full call number Barcode Date last seen Date last checked out Price effective from Koha item type
        Central Library (CL) Central Library (CL) 1 650.02855 AND SEECSD00558 10/12/2019 09/22/2019 11/14/2012 Book
© 2023 Central Library, National University of Sciences and Technology. All Rights Reserved.